Aplikace stochastických modelů

Saved in:
Bibliographic Details
Main Author: Walter, Jaromír
Corporate Author: Vysoká škola ekonomická v Praze. Fakulta řízení
Format: Book
Language:Czech
Published: Praha Státní pedagogické nakladatelství 1982
Tags: Add Tag
No Tags, Be the first to tag this record!

MARC

LEADER 00000nam a2200000 4500
001 c134296
005 20190425103839.5
041 0 |a cze 
044 |a CZ 
245 1 0 |a Aplikace stochastických modelů  |c Jaromír Walter 
264 1 |a Praha  |b Státní pedagogické nakladatelství  |c 1982 
300 |a 182 s. 
100 1 |a Walter, Jaromír 
710 2 |a Vysoká škola ekonomická v Praze. Fakulta řízení